Statistics for County Seats of Maine

Click here to take the quiz!

General Stats

  • This quiz has been taken 146 times
  • The average score is 7 of 16

Answer Stats

CountyCounty Seat% Correct
KennebecAugusta
81%
CumberlandPortland
81%
PenobscotBangor
73%
SagadahocBath
53%
AndroscogginAuburn
49%
AroostookHoulton
39%
WashingtonMachias
34%
WaldoBelfast
29%
PiscataquisDover-Foxcroft
29%
HancockEllsworth
29%
KnoxRockland
29%
OxfordParis
27%
SomersetSkowhegan
27%
FranklinFarmington
25%
LincolnWiscasset
25%
YorkAlfred
22%

Score Distribution

Percentile by Number Answered

Percent of People with Each Score

Your Score History

You have not taken this quiz